00871nam a22002057a 4500003000900000008004100009040007100050082001700121100001900138245005500157260004000212300005300252440004300305505017200348650001800520650001600538650001000554700005500564710004600619AR-CdUCM190321b ||||| |||| 00| 0 spa d aMUNICIPALIDAD PROVINCIAL DEL CUSCOcBIBLIOTECA MUNICIPAL DEL CUSCO a636.2 /bB73 aBonsma, Jan C. aEstudios sobre selección del ganado :bWortham / aArgentina :bHemisferio Sur,c1966. a131 páginas ;bfiguras, fotografías,c19 cm. aColección Ciencias Agropecuarias.n4 aContenido: Concepción sobre producción animal -- Ecología animal -- Como juzgar el ganado por su eficiencia funcional -- Crianza animal por eficiencia funcional. aGanado bacuno aSelección aRazas aDurán del Campo, Aníbal (versión castellana) aCentro Regional de ayuda Técnica - AID.